بنك الذاكرة : موسوعة ثقافية وجيزة : (رقم التسجيلة. 4247)

تفاصيل مارك
000 -الفاتح
عناصر البيانات ثابتة الطول 00700cam a2200181 i 4500
005 - تاريخ ووقت آخر معاملة
حقل ضبط 20251108164126.0
008 - عناصر البيانات ثابتة الطول
عناصر البيانات ثابتة الطول 250721s9999 le gr 000 0 ara d
082 14 - رقم تصنيف ديوي العشري
رقم التصنيف 031.02
رقم المادة ع م ر
100 1# - مدخل رئيسي – اسم شخصي
الاسم الشخصي الطباع، عمر فاروق
علاقة الشخص بالعمل/ دوره معد.
245 10 - بيان العنوان
العنوان بنك الذاكرة : موسوعة ثقافية وجيزة :
بقية العنوان موسوعة ثقافية وجيزة /
بيان المسؤولية اعداد الدكتور عمر فاروق الطباع.
264 31 - بيانات النشر، التوزيع…إلخ
مكان النشر، التوزيع...إلخ بيروت :
اسم الناشر، الموزع...إلخ دار القلم للطباعة و النشر،
300 ## - الوصف المادي
عدد الوحدات المكونة للوعاء 283 صفحة.
650 17 - مدخل إضافي بالموضوع - مصطلح موضوعي
مصطلح موضوعي أو اسم جغرافي كعنصر مدخل الأسئلة و الأجوبة.
650 17 - مدخل إضافي بالموضوع - مصطلح موضوعي
مصطلح موضوعي أو اسم جغرافي كعنصر مدخل الثقافة.
650 17 - مدخل إضافي بالموضوع - مصطلح موضوعي
مصطلح موضوعي أو اسم جغرافي كعنصر مدخل الموسوعات.
942 ## - بيانات إضافية (كوها)
نوع التنصيف Dewey Decimal Classification
نوع المادة (كوها) كتب
المقتنيات
حالة السحب حالة الفقدان مصدر التصنيف حالة التلف غير قابل للإعارة المكتبة الرئيسية المكتبة الحالية موقع الرف تاريخ التزويد الرقم المتسلسل Total Checkouts رقم الإستدعاء تاريخ آخر ظهور تاريخ الفاتورة نوع المادة (كوها) الباركود
    Dewey Decimal Classification     المكتبة المركزية المكتبة المركزية الإعارة 26/04/2016 1625678   031.02 / ط ب ا 28/07/2025 26/04/2016 كتب PLD00388271
    Dewey Decimal Classification     مكتبة الأميرة ايمان العامة مكتبة الأميرة ايمان العامة الإعارة 28/07/2025 770145   031.02/طبا 28/07/2025 28/07/2025 كتب 770145
    Dewey Decimal Classification Unchecked   مكتبة الاميرة بديعة مكتبة الاميرة بديعة الإعارة 06/07/2004 5001   031.02/طبا 28/07/2025 06/07/2004 كتب  
    Dewey Decimal Classification     مكتبة الاميرة بديعة مكتبة الاميرة بديعة الإعارة 28/07/2025 770148   031.02/طبا 28/07/2025 28/07/2025 كتب 770148
    Dewey Decimal Classification Unchecked   مكتبة الجويدة مكتبة الجويدة الإعارة 06/07/2004 5015   031.02/طبا 28/07/2025 06/07/2004 كتب  
    Dewey Decimal Classification     مكتبة الجويدة مكتبة الجويدة الإعارة 28/07/2025 770149   031.02/طبا 28/07/2025 28/07/2025 كتب 770149
    Dewey Decimal Classification     مكتبة النصر العامة مكتبة النصر العامة الإعارة 13/11/2014 7511   031.02/طبا 28/07/2025 13/11/2014 كتب PLD00310416
    Dewey Decimal Classification     مكتبة صويلح العامة مكتبة صويلح العامة الإعارة 28/07/2025 770146   031.02/طبا 28/07/2025 28/07/2025 كتب 770146
    Dewey Decimal Classification     مكتبة صويلح العامة مكتبة صويلح العامة الإعارة 23/05/2015 [10473   031.02/طبا 28/07/2025 23/05/2015 كتب PLD00330537
    Dewey Decimal Classification     مكتبة وادي السير العامة مكتبة وادي السير العامة الإعارة 11/04/2016 [5822]....   031.02/طبا 28/07/2025 11/04/2016 كتب PLD00385757
Implemented & Customized by: BBB with SCIT (Smart Chains for Information Technology)

Powered by Koha